Básne v próze Kniha 2.

Bibliographic Details
Main Author: Hájomil, 1882-1952 (Author)
Format: Book
Language:Slovak
PhysicalDescription:75, [3] s. 8° (17x12 cm)
Published: Liptovský Mikuláš Nákladom vlastným 1928
Subjects:

MARC

LEADER 00000cam a2200000 a 4500
001 vtls008378825
003 SK-MaSNL
005 20260301221711.0
008 251124s1928 xo 000 m slo
015 |a SKSNBA19191938-005025 
035 |a SK01SNKBSKHR20020071042 
035 |a SKM000073505 
040 |a SNK  |b slo  |c SNK  |e AACR2 
041 0 |a slo 
044 |a xo  |c SK 
072 7 |a 821.162.4-3  |x Slovenská próza  |2 konspekt 
080 |a 821.162.4-3  |2 2011 
100 0 |a Hájomil,  |d 1882-1952  |4 aut  |9 40195 
245 1 0 |a Básne v próze  |n Kniha 2.  |c Hájomil 
260 |a Liptovský Mikuláš  |b Nákladom vlastným  |c 1928  |e Liptovský Mikuláš  |f F. Klimeš 
300 |a 75, [3] s.  |c 8° (17x12 cm) 
650 0 7 |a slovenská próza  |2 SNKPH  |9 1206 
650 0 7 |a Slovak prose literature  |2 SNKPHeng  |9 274705 
655 7 |a umelecká literatúra  |2 SNKPH  |9 60405 
655 7 |a poézia v próze  |2 SNKPH  |9 285094 
852 |a Slovenská národná knižnica v Martine  |b 10000  |h MS SD 3396/2 
852 |a Štátna vedecká knižnica v Košiciach  |b 900000  |h I 11392 
852 |a Štátna vedecká knižnica v Banskej Bystrici  |b Fond starých a vzácnych dokumentov  |p O 3388 
958 |a OND 
958 |a RK 
958 |a TL 
958 |a SKR 
958 |a DG 
999 |c 937021  |d 938951 
952 |a SNK  |b SNK  |y VYP  |7 0  |p 17A0532689  |o snkSD 3396/2 D1  |i snkVI. 1951/55  |3 rekatalogizácia  |0 0  |1 0  |4 0  |d 2007-01-03  |l 0  |r 2026-02-24 09:07:06  |w 2026-02-24 
952 |a SNK  |b SNK  |y VYP  |7 0  |p 17A0532880  |o snkSD 3396/2 D2  |i snkXI. 2560/55  |3 rekatalogizácia  |0 0  |1 0  |4 0  |d 2007-01-03  |l 0  |r 2026-02-24 09:07:07  |w 2026-02-24 
952 |a SNK  |b SNK  |y VYP  |7 0  |p 17A0532881  |o snkSD 3396/2 D3  |i snkD 789/69  |8 1  |3 rekatalogizácia  |0 0  |1 0  |4 0  |d 2007-01-03  |l 0  |r 2026-02-24 09:07:07  |w 2026-02-24